Word Ladder: Pine Design Quiz Stats

Quiz Updated Aug 9, 2015

Challenge
Share
Tweet
Embed
Score 0/30 Timer 03:00
5 Plays Today
Hint 4-Letter Word % Correct
Not quietLOUD
96.7%
To peruse a bookREAD
96.4%
A truck fullLOAD
96.3%
A unit of breadLOAF
96.3%
A pine begins life as thisSEED
96.1%
Until it's time for a new beginningSEED
96.1%
Spanish 'three'TRES
96%
📆 Someday it will grow into this 📆TREE
96%
Wild and _____FREE
95.7%
To take the front positionLEAD
95.2%
Not crazySANE
95.1%
Beach castle materialSAND
94.9%
Piece of the skeletonBONE
94.9%
Digits on a footTOES
94.8%
Where sugar comes fromCANE
94.8%
Hint 4-Letter Word % Correct
Tall aquatic grassREED
94.7%
Email commandSEND
94.3%
Give a meal toFEED
94.2%
What thieves takeLOOT
93.5%
Three ____ in a yardFEET
93.4%
Curve in the roadBEND
92.8%
The first sprout unfurls into thisLEAF
92.7%
Ridge on a guitarFRET
92.4%
🍂 The next generation is safe in this 🍂CONE
92.2%
____, James ____BOND
92%
Awkward, brutish personLOUT
91.1%
This will dig deep into the groundROOT
90.6%
Manage without helpFEND
89.6%
Fish egg massesROES
85.8%
Aussie boundersROOS
83.3%

Today's Daily Dose

Missing Word
Jazz Songs 'C'

On This Day
January 18th

You're not logged in!

Compare scores with friends on all Sporcle quizzes.
Sign Up with Email
OR
Log In

You Might Also Like...

Show Comments

Extras

Top Quizzes Today


Score Distribution

Your Account Isn't Verified!

In order to create a playlist on Sporcle, you need to verify the email address you used during registration. Go to your Sporcle Settings to finish the process.